| 000 | 00666nam a2200253Ia 4500 | ||
|---|---|---|---|
| 003 | OSt | ||
| 005 | 20221007101305.0 | ||
| 006 | a|||||r|||| 00| 0 | ||
| 007 | ta | ||
| 008 | 221006b |||||||| |||| 00| 0 eng d | ||
| 024 | _a6,185 | ||
| 037 | _cTextual | ||
| 040 |
_aLCO _cLCO _beng |
||
| 041 |
_2eng _aeng |
||
| 082 | _aV2-3.3:58(442), L0 | ||
| 100 | _aMANSERGH NICHOLAS | ||
| 245 | 0 | _aThe Transfer of Powers.1942-47 | |
| 260 |
_aLondon _bH. M.S. O. _c1970 |
||
| 300 | _a928 | ||
| 490 | _v3 | ||
| 650 |
_aTRANSFER OF POWERS _9702819 |
||
| 942 |
_hV2-3.3:58(442), L0 _cTEXL |
||
| 999 |
_c1175748 _d1175748 |
||